01401cam a2200217 4500001000500000005001700005008004100022010001700063020001500080020001500095020002500110042001400135100003100149245008700180260005800267300004000325504006400365505064900429520006901078651003601147436820181127173249.0110602s2011 enkab b 001 0 eng d a 2011378910 a0198092377 a0199552029 a9780199661275 (pbk.) alccopycat1 aMalone, David,d1954-4aut10aDoes the elephant dance? :bcontemporary Indian foreign policy /cDavid M. Malone. aOxford ;aNew York :bOxford University Press,c2014. axxii, 425 p. :bill., map ;c24 cm. aIncludes bibliographical references (p. 379-410) and index.0 a1. Introduction -- 2. History: a vital foundation of India's international relations -- 3. India's contemporary security challenges: more internal than external? -- 4. India's economy: its global calling card -- 5. India and its South Asian neighbours -- 6. The Sino-Indian relationship: can two tigers share a mountain? -- 7. India-USA relations: the shock of the new -- 8. India's West Asia policy: delicate manoeuvres -- 9. India's East and Southeast Asia policy: catching up -- 10. India's relationships with Europe and Russia: fading glory? -- 11. The evolution of Indian multilateralism: from high ground to high table -- 12. Conclusions. aSurveys the main features of contemporary Indian foreign policy. 0aIndiaxForeign relationsy1984-